LEADER 01035nas 2200361 c 450 001 9910892189403321 005 20260218110611.0 024 7 $aurn:nbn:de:hebis:30:3-669306 035 $a(DE-599)ZDB3122152-X 035 $a(OCoLC)1333056045 035 $a(DE-101)1260379043 035 $a(CKB)4950000000714614 035 $a(DE-599)3122152-X 035 $a(EXLCZ)994950000000714614 100 $a20220620b19822008 |y | 101 0 $ager 135 $aur||||||||||| 181 $ctxt$2rdacontent 182 $cc$2rdamedia 183 $acr$2rdacarrier 200 10$aMitteilungen ..$fAkademie der Arbeit in der Universita?t Frankfurt 210 31$aFrankfurt$cAkademie der Arbeit in der Universita?t Frankfurt am Main$d[1982-2008] 215 $aOnline-Ressource 300 $aGesehen am 20.06.2022 608 $aZeitschrift$2gnd-content 676 $a370 801 0$b0030 801 1$bDE-101 801 2$b9999 906 $aJOURNAL 912 $a9910892189403321 996 $aMitteilungen$91921076 997 $aUNINA